000
00220 a2200109 4500
020
_a
9788432217432
041
_a
spa
100
_a
Tamaro, Susanna
245
_a
Donde el corazon te lleve
942
_c
BK
999
_c
18510
_d
18510
999
_d
18510